The Principal Upanishads/ (Record no. 215820)

MARC details
000 -LEADER
fixed length control field 00680nam a22002177a 4500
005 - DATE AND TIME OF LATEST TRANSACTION
control field 20260408123029.0
010 ## - LCCN (DPL NO)
LC control number ENG-148171
020 ## - INTERNATIONAL STANDARD BOOK NUMBER
International Standard Book Number 9788170266440
Terms of availability 1995.00(Set of 2 Vols)
035 ## - SYSTEM CONTROL NUMBER
System control number EN-131703
037 ## - SOURCE OF ACQUISITION
Source of stock number/acquisition DBAD
082 ## - DEWEY DECIMAL CLASSIFICATION NUMBER
Classification number 294.59218
100 ## - MAIN ENTRY--PERSONAL NAME
Personal name Muller, F. Max
245 ## - TITLE STATEMENT
Title The Principal Upanishads/
Statement of responsibility, etc F. Max Muller
250 ## - EDITION STATEMENT
Edition statement 1
260 ## - PUBLICATION, DISTRIBUTION, ETC. (IMPRINT)
Place of publication, distribution, etc New Delhi
Name of publisher, distributor, etc Heritage Publishers
Date of publication, distribution, etc 2026
270 ## - ADDRESS
Address 19-A, Ansari Road,Daryaganj, New Delhi
Postal code 110002
Telephone number 011-23266258, 23264444
Electronic mail address info@heritagepublishers.in
300 ## - PHYSICAL DESCRIPTION
Extent 350p.
Dimensions 23cm(hb)
490 ## - SERIES STATEMENT
Volume number/sequential designation 2
500 ## - GENERAL NOTE
General note The Sacred Books of the East Series-15
942 ## - ADDED ENTRY ELEMENTS (KOHA)
Source of classification or shelving scheme Dewey Decimal Classification
Item type English Books
Classification part 294.59218
Call number suffix MUL
Holdings
Withdrawn status Lost status Materials specified (bound volume or other part) Not for loan Collection code Home library Current library Date acquired Source of acquisition Cost, normal purchase price Full call number Barcode Copy number Cost, replacement price Koha item type
    VOL-2 Not For Loan Non-fiction D.B.Act.Division D.B.Act.Division 08/04/2026 Delivery of Books Act Division 997.00 294.59218 MUL EN-131703 1 997.00 English Books

© Delhi Public Library
Hit Counter
free hit counter